Personajes de la Inquisición / (Record no. 94124)

MARC details
000 -LEADER
campo de control de longitud fija 01240cam a2200349Ma 4500
001 - NÚMERO DE CONTROL
campo de control 77114
005 - FECHA Y HORA DE LA ÚLTIMA TRANSACCIÓN
campo de control 20230410142343.0
008 - DATOS DE LONGITUD FIJA--INFORMACIÓN GENERAL
campo de control de longitud fija 000615s19631948sp a g b 001 0 spa d
035 ## - NÚMERO DE CONTROL DEL SISTEMA
Número de control de sistema (OCoLC)ocn318154242
040 ## - FUENTE DE CATALOGACIÓN
Centro catalogador/agencia de origen ZZAND
Lengua de catalogación spa
Centro/agencia transcriptor ZZAND
Centro/agencia modificador BNM
-- OCLCQ
035 ## - NÚMERO DE CONTROL DEL SISTEMA
Número de control de sistema (OCoLC)318154242
041 1# - CÓDIGO DE IDIOMA
Código de lengua del texto/banda sonora o título independiente spa
Código de lengua original eng
050 14 - SIGNATURA TOPOGRÁFICA DE LA BIBLIOTECA DEL CONGRESO
Número de clasificación BX 1711
Número de ítem W228p 1963
082 00 - NÚMERO DE LA CLASIFICACIÓN DECIMAL DEWEY
Número de clasificación 272.2
049 ## - FONDOS LOCALES (OCLC)
Biblioteca depositaria GRAL
100 1# - ENTRADA PRINCIPAL--NOMBRE DE PERSONA
Nombre de persona Walsh, William Thomas,
Fechas asociadas al nombre 1891-1949.
245 10 - MENCIÓN DEL TÍTULO
Título Personajes de la Inquisición /
Mención de responsabilidad, etc. William Thomas Walsh ; traducido del inglés por Isabel de Ambía ; prólogo de Cayetano Alcázar.
250 ## - MENCION DE EDICION
Mención de edición 3a ed.
260 ## - PUBLICACIÓN, DISTRIBUCIÓN, ETC.
Lugar de publicación, distribución, etc. Madrid :
Nombre del editor, distribuidor, etc. Espasa-Calpe,
Fecha de publicación, distribución, etc. c1963.
300 ## - DESCRIPCIÓN FÍSICA
Extensión 331 p. :
Otras características físicas ill. ;
Dimensiones 22 cm.
440 #0 - MENCIÓN DE SERIE/PUNTO DE ACCESO ADICIONAL--TÍTULO
Título Colección Grandes Biografías
500 ## - NOTA GENERAL
Nota general Traducido del idioma original: Characters of the Inquisition.
504 ## - NOTA DE BIBLIOGRAFÍA, ETC.
Nota de bibliografía, etc. Incluye índice.
505 0# - NOTA DE CONTENIDO CON FORMATO
Nota de contenido con formato Moisés.--Pope Gregory IX.--Bernard Gui.--Nicholas Eymeric.--Torquemada.--Cardinal Ximenes.--Some sixteenth century victims.--Llorente.
650 #0 - PUNTO DE ACCESO ADICIONAL DE MATERIA--TÉRMINO DE MATERIA
Término de materia o nombre geográfico como elemento de entrada Inquisition.
650 #4 - PUNTO DE ACCESO ADICIONAL DE MATERIA--TÉRMINO DE MATERIA
Término de materia o nombre geográfico como elemento de entrada Inquisición
Subdivisión general Historia.
650 #0 - PUNTO DE ACCESO ADICIONAL DE MATERIA--TÉRMINO DE MATERIA
Término de materia o nombre geográfico como elemento de entrada Catholics
Subdivisión general Biography.
650 #4 - PUNTO DE ACCESO ADICIONAL DE MATERIA--TÉRMINO DE MATERIA
Término de materia o nombre geográfico como elemento de entrada Iglesia Católica
Subdivisión general Historia
Subdivisión de forma Biografías.
650 #4 - PUNTO DE ACCESO ADICIONAL DE MATERIA--TÉRMINO DE MATERIA
Término de materia o nombre geográfico como elemento de entrada Inquisición.
942 ## - ELEMENTOS DE ENTRADA SECUNDARIOS (KOHA)
Fuente del sistema de clasificación o colocación Clasificación de Library of Congress
Tipo de ítem Koha
994 ## -
-- C0
-- DRFGD
Holdings
Estatus retirado Estado de pérdida Fuente del sistema de clasificación o colocación Estado de daño No para préstamo Colección Biblioteca de origen Biblioteca actual Ubicación en estantería Fecha de adquisición Serial enumeration / chronology Signatura topográfica completa Código de barras Visto por última vez Copia número Tipo de ítem Koha
    Clasificación de Library of Congress     Humanidades Biblioteca Juan Bosch Biblioteca Juan Bosch Humanidades (4to. Piso) 10/04/2023 1 BX 1711 W228p 1963 00000068705 17/11/2018 1